UITU Library & LRC     

Growth and Inequality: the contrasting trajectories of India and Brazil (Record no. 15750)

MARC details
000 -LEADER
fixed length control field 00531nam a2200181Ia 4500
008 - FIXED-LENGTH DATA ELEMENTS--GENERAL INFORMATION
fixed length control field 240925s9999 xx 000 0 und d
020 ## - INTERNATIONAL STANDARD BOOK NUMBER
International Standard Book Number 9781108416191
082 ## - DEWEY DECIMAL CLASSIFICATION NUMBER
Classification number 338.954 BAR
100 ## - MAIN ENTRY--PERSONAL NAME
Personal name Barbosa, Alexandre De Freitas
245 #0 - TITLE STATEMENT
Title Growth and Inequality: the contrasting trajectories of India and Brazil
250 ## - EDITION STATEMENT
Edition statement NA
260 ## - PUBLICATION, DISTRIBUTION, ETC.
Place of publication, distribution, etc. Singapore:
Name of publisher, distributor, etc. Cambridge University Press
Date of publication, distribution, etc. ,2017.
300 ## - PHYSICAL DESCRIPTION
Extent 300p.
Other physical details 0
Type of unit Original
500 ## - GENERAL NOTE
General note Includes Index
600 ## - SUBJECT ADDED ENTRY--PERSONAL NAME
Personal name Social Sciences
650 ## - SUBJECT ADDED ENTRY--TOPICAL TERM
Topical term or geographic name entry element Social Sciences
942 ## - ADDED ENTRY ELEMENTS (KOHA)
Koha item type Books
Holdings
Withdrawn status Lost status Damaged status Not for loan Collection Home library Current library Date acquired Source of acquisition Cost, normal purchase price Total checkouts Full call number Barcode Date last seen Price effective from Koha item type
        Social Sciences UITU Library UITU Library 01/04/2019 Multi Line Books 517.50   338.954 BAR Q13251 09/25/2024 09/25/2024 Books

Powered by Koha